[Event "Avoine op 21th"]
[Site "Avoine"]
[Date "2006.07.28"]
[Round "7"]
[White "Haag, Clement"]
[Black "Dessenne, Francois"]
[Result "0-1"]
[WhiteElo "1690"]
[BlackElo "2090"]
[PlyCount "28"]
[EventDate "2006.07.22"]
[EventType "swiss"]
[EventRounds "9"]
[EventCountry "FRA"]
[SourceTitle "EXT 2007"]
[Source "ChessBase"]
[SourceDate "2006.11.23"]
[SourceVersion "1"]
[SourceVersionDate "2006.11.23"]
[SourceQuality "1"]

1. e4 e5 2. Nf3 Nc6 3. Bb5 a6 4. Bxc6 dxc6 5. d4 exd4 6. Qxd4 Bg4 7. Qxd8+ Rxd8 8. Be3 f6 9. Nbd2 Bd6 10. 0-0-0 Ne7 11. h3 Bh5 12. g4 Bf7 13. Nh4 Bxa2 14. b3 Ba3# 0-1